LEADER 01265nam a2200313 a 4500 001 000000122399 003 CaOOAMICUS 005 20100706134235.0 008 100706t2007 it u000 u ita r 020 $a978-88-15-12122-6 040 $aPUL$bita$dReb 082 04$a909 100 1 $aZiller, Jacques.$0(OLS)http://pul/name/76764 245 13$aIl nuovo trattato europeo /$cJacques Ziller. 260 $aBologna :$bIl Mulino,$cİ2007. 300 $a211 p. ;$c21 cm. 490 1 $aUniversale paperbacks Il Mulino ;$v533 500 $aPrefazione di Giuliano Amato. 504 $aBibliografia in fine. 610 14$aUnione europea$xDiritto.$0(OLS)http://pul/subject/27384 700 1 $aAmato, Giuliano.$0(OLS)http://pul/name/36726 830 0$aUniversale paperbacks Il Mulino ;$v533.$0(OLS)http://pul/title/190 850 $aPUL 852 $aPUL$W1$xDP2 Filosofia 3$y112$m909 COLL 2.533$j140564$qDDC 21$B139674$CPULBib$Z2$F139674 $H114325 $82 941 1 $a9 996 $6020$a978-88-15-12122-6$9(OLS)http://pul/number/144780 996 $6082$a909$9(OLS)http://pul/classification/566 996 $6245$aIl nuovo trattato europeo$9(OLS)http://pul/title/154152 996 $6260$aBologna :$bIl Mulino$9(OLS)http://pul/publisher/47928 LEADER 01301nam a2200325 a 4500 001 000000158012 003 CaOOAMICUS 005 20170120133313.0 008 170120s2016 it 001 0 ita r 020 $a978-88-7462-641-0* 032 $aLibriCat 040 $aPUL$bita 041 1 $aita$hger 082 04$a153.9 100 1 $aRosenzweig, Franz,$d1886-1929.$0(OLS)http://pul/name/9278 245 10$aDella comune intelligenza sana e di quella malata /$cFranz Rosenzweig ; a cura di Gianfranco Bonola. 260 $aMacerata :$bQuodlibet,$c2016. 300 $a214 p. ;$c18 cm. 490 1 $aQuodlibet ;$v73 650 4$aIntelligenza.$0(OLS)http://pul/subject/12039 700 1 $aBonola, Gianfranco.$0(OLS)http://pul/name/12784 830 0$aQuodlibet ;$v73.$0(OLS)http://pul/title/23359 850 $aPUL 852 $aPUL$W1$xSL Filosofia 3$y81$m153. 9 ROSFR 1$j181343$qDDC 21$B184484$CPULBib$Z2$F184484 $H128686 $81 941 1 $a9 996 $6020$a978-88-7462-641-0*$9(OLS)http://pul/number/161815 996 $6082$a153.9$9(OLS)http://pul/classification/2874 996 $6245$aDella comune intelligenza sana e di quella malata$9(OLS)http://pul/title/197610 996 $6260$aMacerata :$bQuodlibet$9(OLS)http://pul/publisher/70121